Tribhuvan University Central Library

Adams family correspondence (Record no. 23019)

MARC details
000 -LEADER
fixed length control field 007720000a22002770004500
082 ## - DEWEY DECIMAL CLASSIFICATION NUMBER
Classification number 973.44
Item number Ad17
-- AS
041 ## - LANGUAGE CODE
Language code of text/sound track or separate title Eng
100 ## - MAIN ENTRY--PERSONAL NAME
Personal name Butterfield, L. M. ed.
100 ## - MAIN ENTRY--PERSONAL NAME
Personal name Friedlaender, Macro, ed.
245 ## - TITLE STATEMENT
Title Adams family correspondence
260 ## - PUBLICATION, DISTRIBUTION, ETC. (IMPRINT)
Place of publication, distribution, etc Cambridge
Name of publisher, distributor, etc The Belknap Press of Harvard University Press, Great Britain
260 ## - PUBLICATION, DISTRIBUTION, ETC. (IMPRINT)
Date of publication, distribution, etc 1973
300 ## - PHYSICAL DESCRIPTION
Extent Lvii, v.p.
440 ## - SERIES STATEMENT/ADDED ENTRY--TITLE
Title Series II Adams family correspondence
505 ## - FORMATTED CONTENTS NOTE
Formatted contents note v.3, April 1778- September 1780- v.4, October 1780 - September 1782
518 ## - DATE/TIME AND PLACE OF AN EVENT NOTE
Date/time and place of an event note 20001218
530 ## - ADDITIONAL PHYSICAL FORM AVAILABLE NOTE
Additional physical form available note M
650 ## - SUBJECT ADDED ENTRY--TOPICAL TERM
Topical term or geographic name as entry element History
650 ## - SUBJECT ADDED ENTRY--TOPICAL TERM
Topical term or geographic name as entry element Literary history
650 ## - SUBJECT ADDED ENTRY--TOPICAL TERM
Topical term or geographic name as entry element Letter writing
650 ## - SUBJECT ADDED ENTRY--TOPICAL TERM
Topical term or geographic name as entry element Diplomacy
650 ## - SUBJECT ADDED ENTRY--TOPICAL TERM
Topical term or geographic name as entry element War
651 ## - SUBJECT ADDED ENTRY--GEOGRAPHIC NAME
Geographic name United States
650 ## - SUBJECT ADDED ENTRY--TOPICAL TERM
Topical term or geographic name as entry element Adams, John, 1797-1801
942 ## - ADDED ENTRY ELEMENTS (KOHA)
Koha item type General Collections
Holdings
Withdrawn status Lost status Damaged status Not for loan Home library Current library Date acquired Total Checkouts Barcode Date last seen Price effective from
        Tribhuvan University Central Library Tribhuvan University Central Library 06/20/2010   G46387 06/20/2010 06/20/2010